|
|
|
|
| LEADER |
01155nam a22003252a 4500 |
| 001 |
001149523 |
| 003 |
CZ BrMZK |
| 005 |
20110825084140.0 |
| 007 |
ta |
| 008 |
110517s1980 xr er|||||||||||cze d |
| 015 |
|
|
|a cnb000396645
|
| 035 |
|
|
|a (OCoLC)85271271
|
| 040 |
|
|
|a ABA001
|b cze
|c ABA001
|d ABA001
|d BOA001
|
| 080 |
9 |
|
|a 329.78(437)SSM:374.7
|
| 245 |
0 |
0 |
|a Večerní škola SSM :
|b podkladový materiál pro lektory večerních škol SSM.
|n 2. roč.,
|p Teorie a praxe SSM /
|c zpracoval Josef Bašta
|
| 246 |
3 |
0 |
|a Teorie a praxe SSM
|
| 250 |
|
|
|a 2., dopl. vyd.
|
| 260 |
|
|
|a Praha :
|b Mladá fronta,
|c 1980
|f (Mír 5)
|
| 300 |
|
|
|a 127, [1] s. ;
|c 8°
|
| 490 |
1 |
|
|a Politické vzdělávání SSM ;
|v 1980-1981
|
| 500 |
|
|
|a 5000 výt.
|
| 504 |
|
|
|a Obsahuje bibliografii
|
| 550 |
|
|
|a Vydavatel: ÚV SSM
|
| 700 |
1 |
|
|a Bašta, Josef
|7 mzk2010565108
|4 aut
|
| 710 |
2 |
|
|a Socialistický svaz mládeže.
|b Ústřední výbor
|7 ko2003206677
|
| 830 |
|
0 |
|a Politické vzdělávání SSM
|0 s
|
| 910 |
|
|
|a BOA001
|b 2-0825.028,2
|
| 990 |
|
|
|a BK
|
| 991 |
|
|
|b 201105
|
| 996 |
6 |
|
|b 2619413420
|c 2-0825.028,2
|l MZK
|r Sklad / do 1 hodiny
|n 0
|w 001182233
|u 000010
|a 1
|e BOA001
|j MZK50
|s P
|